000 00449nam a2200133 a 4500
001 000034570
005 20200930073755.0
008 111010s1857 it b 000 0 ita d
040 _aDO-SdBNP
_bspa
_cBNPHU
100 1 _aBanchero, Giuseppe
_960003
245 1 3 _aLa tavola di bronzo :
_bil pallio di seta ed il codice colombo americano /
_cGiuseppe Banchero.
260 _aGenova, :
_bFratelli Ferrando,
_c1857.
300 _alxxix, 588 p. :
_bmap. ;
_c27 cm.
999 _c34061
_d34061